Southville International School and Colleges
Your cart is empty.
  • Cart
  • Lists
    Public lists Eva Luna New books Lux_list list_1
    Your lists Log in to create your own lists
  • Log in to your account
  • Your cookies
  • Search history
Southville International School and Colleges
  • Advanced search
  • Recent comments
  • Most popular
  • Libraries

Log in to your account

Log in with GOOGLE


If you do not have an external account, but do have a local account, you can still log in:

  1. Home
  2. MARC view: The 10 most annoying English grammar errors /
Normal view MARC view ISBD view

The 10 most annoying English grammar errors / (Record no. 291729)

[ view plain ]
MARC details
000 -LEADER
fixed length control field 00667nam a2200253Ia 4500
003 - CONTROL NUMBER IDENTIFIER
control field SMC
005 - DATE AND TIME OF LATEST TRANSACTION
control field 20160812124912.0
008 - FIXED-LENGTH DATA ELEMENTS--GENERAL INFORMATION
fixed length control field 160319s9999 xx 000 0 und d
020 ## - INTERNATIONAL STANDARD BOOK NUMBER
International Standard Book Number 978-971-92823-7-2
050 ## - LIBRARY OF CONGRESS CALL NUMBER
Classification number FIL PE 1460
050 ## - LIBRARY OF CONGRESS CALL NUMBER
Item number .C37 2008
100 ## - MAIN ENTRY--PERSONAL NAME
Personal name Carillo, Jose A.
245 #4 - TITLE STATEMENT
Title The 10 most annoying English grammar errors /
245 ## - TITLE STATEMENT
Statement of responsibility, etc Jose A. Carillo.
260 ## - PUBLICATION, DISTRIBUTION, ETC. (IMPRINT)
Place of publication, distribution, etc Manila:
260 ## - PUBLICATION, DISTRIBUTION, ETC. (IMPRINT)
Name of publisher, distributor, etc The Manila Times Pub. Corp.,
260 ## - PUBLICATION, DISTRIBUTION, ETC. (IMPRINT)
Date of publication, distribution, etc 2008
300 ## - PHYSICAL DESCRIPTION
Extent 107 pages :
300 ## - PHYSICAL DESCRIPTION
Other physical details illustrations ;
300 ## - PHYSICAL DESCRIPTION
Dimensions 17 cm.
650 ## - SUBJECT ADDED ENTRY--TOPICAL TERM
Topical term or geographic name as entry element English language -- Errors of usage.
650 ## - SUBJECT ADDED ENTRY--TOPICAL TERM
General subdivision English language -- Grammar.
942 ## - ADDED ENTRY ELEMENTS (KOHA)
Source of classification or shelving scheme Library of Congress Classification
Koha item type Books
Holdings
Withdrawn status Lost status Damaged status Home library Current library Shelving location Date acquired Cost, normal purchase price Total Checkouts Full call number Barcode Date last seen Price effective from Koha item type
      South Mansfield College South Mansfield College Filipiniana Section 02/14/2011 120.00   FIL PE 1460 .C37 2008 SMC05315 03/19/2016 03/19/2016  

The 10 most annoying English grammar errors /

APA

Carillo J. A., .The 10 most annoying English grammar errors. Manila: .

Chicago

Carillo Jose A, .The 10 most annoying English grammar errors. Manila: .

Harvard

Carillo J. A., .The 10 most annoying English grammar errors. Manila: .

MLA

Carillo Jose A, .Manila: . .

  • Place hold
  • Print
  • Cite
  • Add to your cart (remove)
  • Save record
    BIBTEX Dublin Core MARCXML MARC (non-Unicode/MARC-8) MARC (Unicode/UTF-8) MARC (Unicode/UTF-8, Standard) MODS (XML) RIS
  • More searches
    Search for this title in:
    Other Libraries (WorldCat) Other Databases (Google Scholar) Online Stores (Bookfinder.com) Open Library (openlibrary.org)

Exporting to Dublin Core...

SOUTHVILLE LIBRARY

Southville International School and Colleges Library

1281 Tropical Ave. Cor. Luxembourg St., BF Homes International, Las Pinas City

Tel. No. 8256374 / 252358 Loc. 117/146

Powered by Koha